Security analysis and portfolio management (Record no. 14326)
[ view plain ]
| 000 -LEADER | |
|---|---|
| fixed length control field | 00585 a2200217 4500 |
| 001 - CONTROL NUMBER | |
| control field | 151165 |
| 003 - CONTROL NUMBER IDENTIFIER | |
| control field | OSt |
| 005 - DATE AND TIME OF LATEST TRANSACTION | |
| control field | 20211217160820.0 |
| 008 - FIXED-LENGTH DATA ELEMENTS--GENERAL INFORMATION | |
| fixed length control field | |
| 020 ## - INTERNATIONAL STANDARD BOOK NUMBER | |
| International Standard Book Number | 9788131759202 |
| 082 ## - DEWEY DECIMAL CLASSIFICATION NUMBER | |
| Classification number | 332.6 |
| Item number | R16S |
| 100 1# - MAIN ENTRY--PERSONAL NAME | |
| Personal name | Ranganatham, M. |
| 245 1# - TITLE STATEMENT | |
| Title | Security analysis and portfolio management |
| Statement of responsibility, etc | by M. Ranganatham and R. Madhumathi |
| 250 ## - EDITION STATEMENT | |
| Edition statement | 2nd ed. |
| 260 ## - PUBLICATION, DISTRIBUTION, ETC. (IMPRINT) | |
| Place of publication, distribution, etc | New Delhi |
| Name of publisher, distributor, etc | Pearson |
| Date of publication, distribution, etc | 2014, 2018 |
| 300 ## - PHYSICAL DESCRIPTION | |
| Extent | xxvi, 766p. |
| 653 ## - INDEX TERM--UNCONTROLLED | |
| Uncontrolled term | Portfolio management |
| 653 ## - INDEX TERM--UNCONTROLLED | |
| Uncontrolled term | Investment analysis |
| 700 ## - ADDED ENTRY--PERSONAL NAME | |
| Personal name | Madhumathi, R. |
| 942 ## - ADDED ENTRY ELEMENTS (KOHA) | |
| Source of classification or shelving scheme | Dewey Decimal Classification |
| Koha item type | Books |
| Withdrawn status | Lost status | Damaged status | Not for loan | Collection code | Home library | Current library | Date acquired | Source of acquisition | Cost, normal purchase price | Total Checkouts | Full call number | Barcode | Date last seen | Date checked out | Price effective from | Koha item type |
|---|---|---|---|---|---|---|---|---|---|---|---|---|---|---|---|---|
| General Text Book | Central University Of Rajasthan | Central University Of Rajasthan | 11/09/2015 | COM | 0.00 | 5 | 332.6 R16S | 24995 | 17/02/2025 | 11/02/2025 | 02/09/2020 | Books | ||||
| General Text Book | Central University Of Rajasthan | Central University Of Rajasthan | 03/04/2018 | COM | 9 | 332.6 R16S | 30702 | 24/03/2025 | 11/03/2025 | 02/09/2020 | Books | |||||
| General Text Book | Central University Of Rajasthan | Central University Of Rajasthan | 03/04/2018 | COM | 4 | 332.6 R16S | 30703 | 18/02/2026 | 03/02/2026 | 02/09/2020 | Books | |||||
| General Text Book | Central University Of Rajasthan | Central University Of Rajasthan | 03/04/2018 | COM | 8 | 332.6 R16S | 30701 | 24/12/2024 | 10/12/2024 | 02/09/2020 | Books | |||||
| General Text Book | Central University Of Rajasthan | Central University Of Rajasthan | 11/09/2015 | COM | 0.00 | 4 | 332.6 R16S | 24996 | 17/09/2025 | 08/09/2025 | 02/09/2020 | Books |
